[Event "Stillwater Hanken Winter op 2nd"]
[Site "Stillwater"]
[Date "2011.02.21"]
[Round "6"]
[White "Vojinovic, Goran"]
[Black "Smith, James L"]
[Result "1-0"]
[WhiteElo "2446"]
[BlackElo "2010"]
[PlyCount "57"]
[EventDate "2011.02.19"]
[EventType "swiss"]
[EventRounds "7"]
[EventCountry "USA"]
[SourceTitle "CBM 141 Extra"]
[Source "ChessBase"]
[SourceDate "2011.05.03"]
[SourceVersion "1"]
[SourceVersionDate "2011.05.03"]
[SourceQuality "1"]

1. e4 Nf6 2. e5 Nd5 3. Bc4 Nb6 4. Bb3 e6 5. Nf3 d5 6. d4 Be7 7. 0-0 0-0 8. c3 Bd7 9. a4 a5 10. Bc2 c5 11. Qd3 g6 12. dxc5 Bxc5 13. Bh6 Bc8 14. Nbd2 Nc6 15. Nb3 Be7 16. Nbd4 Nc4 17. Qe2 Re8 18. b3 Nb6 19. Rfe1 Nxd4 20. cxd4 Nd7 21. Bd3 Nb8 22. Qe3 b6 23. Qf4 Ba6 24. Bxa6 Rxa6 25. Ng5 Rf8 26. h4 Nc6 27. Bxf8 Qxf8 28. Rac1 Nb4 29. Rc8 1-0

[Event "Stillwater Hanken Winter op 2nd"]
[Site "Stillwater"]
[Date "2011.02.19"]
[Round "2"]
[White "Vojinovic, Goran"]
[Black "Fernandez, Jaime"]
[Result "1-0"]
[WhiteElo "2446"]
[BlackElo "1992"]
[PlyCount "79"]
[EventDate "2011.02.19"]
[EventType "swiss"]
[EventRounds "7"]
[EventCountry "USA"]
[SourceTitle "CBM 141 Extra"]
[Source "ChessBase"]
[SourceDate "2011.05.03"]
[SourceVersion "1"]
[SourceVersionDate "2011.05.03"]
[SourceQuality "1"]

1. e4 e5 2. Nf3 Nc6 3. Bb5 a6 4. Ba4 Nf6 5. 0-0 b5 6. Bb3 Bb7 7. d3 Bc5 8. Nc3 d6 9. Nd5 Nxd5 10. Bxd5 Na5 11. Bxb7 Nxb7 12. c3 Qe7 13. d4 exd4 14. cxd4 Bb6 15. b3 c5 16. Bb2 0-0 17. Re1 Ba5 18. Re3 Rac8 19. Qe2 c4 20. bxc4 Rxc4 21. Qd3 Rfc8 22. Re2 Qc7 23. g3 Bc3 24. Kg2 Bxb2 25. Rxb2 Rc3 26. Qd1 Qc4 27. Rd2 Qe6 28. Qe2 h6 29. Re1 R8c4 30. d5 Qc8 31. Nd4 Qc5 32. Nf5 Kh7 33. e5 Rc2 34. e6 fxe6 35. dxe6 Rxd2 36. Qxd2 Qc6+ 37. Kg1 Re4 38. e7 Rxe1+ 39. Qxe1 Qe8 40. Qe6 1-0